000
00309nam a2200121Ia 4500
008
190216s9999||||xx |||||||||||||| ||und||
100
_a
Tyagi O D & Yadav M
245
0
_a
Text Book Of Organic Reaction Mechanism
260
_b
Anmol Publications
_c
1993
300
_a
420p
650
_a
Chemistry
942
_c
BK
999
_c
2804
_d
2804